Conquering C++ pointers

Gespeichert in:
Bibliographische Detailangaben
1. Verfasser: Traister, Robert J.
Format: Buch
Sprache:Englisch
Veröffentlicht: Boston AP Professional 1994
Schlagworte:
Tags: Tag hinzufügen
Keine Tags, Fügen Sie das erste Tag hinzu!

MARC

LEADER 00000nam$a2200000$$$4500
001 0089596
005 20221207103800.9
020 |a 0-12-697420-9 
041 0 |a eng 
044 |a US 
245 1 0 |a Conquering C++ pointers  |c Robert J. Traister 
264 1 |a Boston  |b AP Professional  |c 1994 
300 |a 179 s. 
610 2 0 |a programy počítačové 
610 2 0 |a softvér 
610 2 0 |a jazyky programovacie 
100 1 |a Traister, Robert J.